Capitales del mundo (216 Países) - Estadísticas

Estadísticas generales
  • Esta prueba ha sido intentada 17 veces
  • La puntuación promedio es 69 de 216
Estadísticas de respuestas
País Capital % Correcto
Argentina Buenos Aires
88%
Brasil Brasilia
75%
Bolivia La Paz o Sucre
75%
Canadá Ottawa
75%
Austria Viena
75%
Andorra Andorra la Vieja
69%
Colombia Bogotá
69%
Australia Canberra
69%
China Pekín
69%
Argelia Argel
63%
Bielorrusia Minsk
63%
Albania Tirana
63%
Paraguay Asunción
56%
Bélgica Bruselas
56%
Venezuela Caracas
56%
México Ciudad de México
56%
Panamá Ciudad de Panamá
56%
Bangladés Daca
56%
Afganistán Kabul
56%
Cuba La Habana
56%
Perú Lima
56%
España Madrid
56%
Uruguay Montevideo
56%
Italia Roma
56%
Costa Rica San José
56%
Republica Dominicana Santo Domingo
56%
Bosnia y Herzegovina Sarajevo
56%
Bulgaria Sofía
56%
Estados Unidos Washington D.C.
56%
Azerbaiyán Bakú
50%
Belice Belmopán
50%
Suiza Berna
50%
Hungria Budapest
50%
Irlanda Dublín
50%
Malta La Valeta
50%
Inglaterra | Reino Unido Londres
50%
Mónaco Mónaco
50%
Rusia Moscú
50%
India Nueva Delhi
50%
Francia París
50%
Japón Tokio
50%
Turquía Ankara
44%
Tailandia Bangkok
44%
Guatemala Ciudad de Guatemala
44%
Dinamarca Copenhague
44%
Egipto El Cairo
44%
Armenia Ereván
44%
Suecia Estocolmo
44%
Israel Jerusalén o Tel Aviv
44%
Portugal Lisboa
44%
Nicaragua Managua
44%
Filipinas Manila
44%
Chipre Nicosia
44%
Montenegro Podgorica
44%
República Checa Praga
44%
Haití Puerto Príncipe
44%
Ecuador Quito
44%
Islandia Reikiavik
44%
San Marino San Marino
44%
El Salvador San Salvador
44%
Honduras Tegucigalpa
44%
Mongolia Ulán Bator
44%
Polonia Varsovia
44%
Madagascar Antananarivo
38%
Grecia Atenas
38%
Alemania Berlín
38%
Rumanía Bucarest
38%
Ciudad del Vaticano Ciudad del Vaticano
38%
Senegal Dakar
38%
Siria Damasco
38%
Guyana Georgetown
38%
Finlandia Helsinki
38%
Pakistán Islamabad
38%
Palestina Jerusalén Este o Ramala
38%
Ucrania Kiev
38%
Jamaica Kingston
38%
San Vincente y las Grenadinas Kingstown
38%
Eslovenia Liubliana
38%
Angola Luanda
38%
Luxemburgo Luxemburgo
38%
Kenia Nairobi
38%
Bahamas Nasáu
38%
Camboya Nom Pen
38%
Noruega Oslo
38%
Corea del Norte Pionyang
38%
Sudáfrica Pretoria, Ciudad del Cabo, o Bloemfontein
38%
Trinidad y Tobago Puerto España
38%
Marruecos Rabat
38%
Arabia Saudita Riad
38%
Antigua y Barbuda Saint John's
38%
Singapur Singapur
38%
Estonia Tallin
38%
Georgia Tiflis
38%
Croacia Zagreb
38%
Emirates Árabes Unidos Abu Dabi
31%
Nigeria Abuya
31%
Jordania Amán
31%
Turkmenistán Asjabad
31%
Irak Bagdad
31%
República Centroafricana Bangui
31%
Serbia Belgrado
31%
República del Congo Brazzaville
31%
Barbados Bridgetown
31%
Moldavia Chișinău
31%
Catar Doha
31%
Vietnam Hanói
31%
República Democrática del Congo Kinsasa
31%
Malasia Kuala Lumpur
31%
Baréin Manama
31%
Birmania Naipyidó
31%
Cabo Verde Praia
31%
Letonia Riga
31%
Macedonia del Norte Skopie
31%
Irán Teherán
31%
Túnez Túnez
31%
Burkina Faso Uagadugú
31%
Liechtenstein Vaduz
31%
Lituania Vilna
31%
Nueva Zelanda Wellington
31%
Indonesia Yakarta
31%
Camerún Yaundé
31%
Yibuti Yibuti
31%
Ghana Acra
25%
Etiopía Adís Abeba
25%
Kazajistán Astaná
25%
Brunéi Bandar Seri Begawan
25%
Líbano Beirut
25%
Guinea-Bisaú Bisáu
25%
Kirguistán Biskek
25%
Eslovaquia Bratislava
25%
Gales Cardiff
25%
Guinea Conakri
25%
Timor Oriental Dili
25%
Escocia Edimburgo
25%
Burundi Gitega
25%
Uganda Kampala
25%
Nepal Katmandú
25%
Kuwait Kuwait
25%
Gabón Libreville
25%
Maldivas Malé
25%
Mozambique Maputo
25%
Omán Mascate
25%
Groenlandia Nuuk
25%
Kosovo Pristina
25%
Granada Saint George
25%
Taiwán Taipéi
25%
Bután Timbu
25%
Libia Trípoli
25%
Hong Kong | Seychelles Victoria
25%
Chad Yamena
25%
Eritrea Asmara
19%
Malí Bamako
19%
San Cristobal y Nieves Basseterre
19%
Sierra Leona Freetown
19%
Botsuana Gaborone
19%
Zimbabue Harare
19%
Islas Salomón Honiara
19%
Sudán Jartum
19%
Ruanda Kigali
19%
Guinea Ecuatorial Malabo
19%
Somalia Mogadiscio
19%
Liberia Monrovia
19%
Comoras Moroni
19%
Níger Niamey
19%
Surinam Paramaribo
19%
Papúa Nueva Guinea Port Moresby
19%
Benín Porto Novo o Cotonú
19%
Yemen Saná
19%
Fiyi Suva
19%
Uzbekistán Taskent
19%
Laos Vientián
19%
Namibia Windhoek
19%
Nauru Yaren
19%
Samoa Apia
13%
Gambia Banjul
13%
Irlanda del Norte Belfast
13%
Santa Lucia Castries
13%
Macao Ciudad de Macao
13%
Tanzania Dodoma
13%
Tayikistán Dusambé
13%
Tuvalu Funafuti
13%
Togo Lomé
13%
Zambia Lusaka
13%
Esuatini Mbabane
13%
Mauritania Nuakchot
13%
Mauricio Port Louis
13%
Vanuatu Port Vila
13%
Dominica Roseau
13%
Santo Tomé y Príncipe Santo Tomé
13%
Sri Lanka Sri Jayawardenapura Kotte
13%
Kiribati Tarawa Sur
13%
Sudán del Sur Yuba
13%
Sahara Occidental El Aaiún
6%
Malaui Lilongüe
6%
Islas Marshall Majuro
6%
Lesoto Maseru
6%
Palaos Ngerulmud
6%
Tonga Nukualofa
6%
Aruba Oranjestad
6%
Estados Federados deMicronesia Palikir
6%
Abjasia Sujumi
6%
Transnistria Tiráspol
6%
Curazao Willemstad
6%
Países Bajos Ámsterdam o La Haya
0%
Somalilandia Hargeisa
0%
Åland Mariehamn
0%
República Turca del Norte de Chipre Nicosia del Norte
0%
Nueva Caledonia Numea
0%
Sint Maarten Philipsburg
0%
Chile Santiago de Chile o Valparaiso
0%
Corea del Sur Seúl o Sejong
0%
Nagorno Karabaj Stepanakert, Khankendi o Yan
0%
Osetia del Sur Tsjinvali
0%
Costa de Marfil Yamusukro o Abiyán
0%
No se encontraron pruebas coincidentes
Distribución de puntuación
Porcentaje de gente con cada puntuación
Porcentaje por número respondido
Historial de tus puntuaciones
No has intentado esta prueba.